000 01172naa a2200313 c 4500
001 39976
003 ES-MaCES
005 20231206040008.0
008 100309n2010 sp t 000 | spa d
035 _aCES20100003148v
040 _aES-MaCES
_bspa
_cES-MaCES
100 1 _aRodríguez-Piñero Royo, Miguel C.
_922411
245 1 3 _aLa tutela de la mujer trabajadora en las condiciones del abogado general Ruiz-Jarabo
_cMiguel Rodríguez-Piñero y Bravo-Ferrer
500 _aResumen
610 1 7 _aEspaña
_tLey orgánica para la igualdad efectiva de mujeres y hombres, 2007
_2
_93183
650 4 _aEspaña
_926964
650 4 _aconciliación
_927303
650 4 _alegislación del trabajo
_927166
650 4 _alicencia de maternidad
_927816
650 4 _aembarazo
_929243
650 4 _aconvenio colectivo
_928361
650 4 _atrabajadora madre de familia
_929565
650 4 _atrabajadora
_928413
653 1 0 _aJurisprudencia
773 0 _tRelaciones laborales
_gaño 26, n. 2 (23 en. 2010){10194 R. 076197}; p. 1-18
_w(ES-MaCES)25210
_943088
902 _aART Artículo de revista
942 _2CES
_cAR
_h6.2.
999 _c39976
_d39976